Catálogo
 En Linea

Páginas inéditas del cancionero de Salamanca / (Registro nro. 41464)

Detalles MARC
000 -CABECERA
campo de control de longitud fija 01001nam a2200229 a 4500
001 - NÚMERO DE CONTROL
campo de control 000041975
005 - FECHA Y HORA DE LA ÚLTIMA TRANSACCIÓN
campo de control 20201002035848.0
008 - DATOS DE LONGITUD FIJA--INFORMACIÓN GENERAL
campo de control de longitud fija 131028s1995 sp acg 001 0 spa d
020 ## - NÚMERO INTERNACIONAL ESTÁNDAR DEL LIBRO
Número Internacional Estándar del Libro 8487339387
040 ## - FUENTE DE LA CATALOGACIÓN
Centro catalogador/agencia de origen DO-SdBNP
Lengua de catalogación spa
Centro/agencia transcriptor BNPHU
245 00 - MENCIÓN DE TÍTULO
Título Páginas inéditas del cancionero de Salamanca /
Mención de responsabilidad, etc. Manuel García Matos, Aníbal Sánchez Fraile; edición y estudio Ángel Carril Ramos, Miguel Manzano Alonzo; prólogo Josep Martí i Pérez.
260 ## - PUBLICACIÓN, DISTRIBUCIÓN, ETC.
Lugar de publicación, distribución, etc. Salamanca :
Nombre del editor, distribuidor, etc. Centro de Cultura Tradicional,
Fecha de publicación, distribución, etc. 1995.
300 ## - DESCRIPCIÓN FÍSICA
Extensión 672 p. :
Otras características físicas il., mús., retrs. ;
Dimensiones 30 cm.
490 1# - MENCIÓN DE SERIE
Mención de serie Cuaderno de notas
Designación de volumen o secuencia 5
500 ## - NOTA GENERAL
Nota general Incluye índice
700 1# - PUNTO DE ACCESO ADICIONAL--NOMBRE DE PERSONA
Nombre de persona García Matos, Manuel,
Fechas asociadas al nombre 1912-
9 (RLIN) 68908
700 1# - PUNTO DE ACCESO ADICIONAL--NOMBRE DE PERSONA
Nombre de persona Sánchez Fraile, Aníbal,
Fechas asociadas al nombre 1903-1971.
9 (RLIN) 68909
700 1# - PUNTO DE ACCESO ADICIONAL--NOMBRE DE PERSONA
Nombre de persona Carril Ramos, Ángel,
Fechas asociadas al nombre 1954-
Término indicativo de función/relación ed.
9 (RLIN) 68910
700 1# - PUNTO DE ACCESO ADICIONAL--NOMBRE DE PERSONA
Nombre de persona Manzano Alonso, Miguel.
Término indicativo de función/relación ed.
9 (RLIN) 68911
710 2# - PUNTO DE ACCESO ADICIONAL--NOMBRE DE ENTIDAD CORPORATIVA
Nombre de entidad corporativa o nombre de jurisdicción como elemento de entrada Salamanca, España :
Unidad subordinada Centro de Cultura Tradicional, Diputación Provincial de Salamanca
9 (RLIN) 68912
830 #0 - PUNTO DE ACCESO ADICIONAL DE SERIE-TÍTULO UNIFORME
Título uniforme Cuaderno de notas
Designación de volumen o secuencia 5
9 (RLIN) 68913
Existencias
Estado de retiro Estado de pérdida Restricciones de uso No para préstamo Código de colección Localización permanente Ubicación/localización actual Ubicación en estantería Fecha de adquisición Número de inventario Total de préstamos Signatura topográfica completa Código de barras Fecha visto por última vez Precio válido a partir de Tipo de ítem Koha
      Excluido de préstamo Monografías: Libros y Folletos General General En catalogación 28.10.2013 LF1   41975-10 25.06.2020 25.06.2020 No se presta

Con tecnología Koha